LDR 00964naa#a2200205#i#450# 001 RU\\bibl\121270 005 20260502095201.6 011 ## _a1994-4683 100 ## _a20230803b2023####ek#y0rusy0150####ca 102 ## _aRU 200 1# _aДИНАМИКА УДАРНЫХ ДЕЙСТВИЙ БОКСЕРОВ 13-14 ЛЕТ В СООТВЕТСТВИИ С ИНДИВИДУАЛЬНО-ПСИХОЛОГИЧЕСКИМИ РАЗЛИЧИЯМИ _eЖурнальная статья 210 1# _aМосква _cНациональный государственный Университет физической культуры, спорта и здоровья им. П.Ф. Лесгафта _d2023 215 ## _a5 с. 608 ## _aЖурнальная статья _2local 675 ## _aБокс. 796.83 _z 700 #1 _aДемченко _gЮ В 700 #1 _aКайгородцева _gО В 700 #1 _aГоловлёв _gВ А 700 #1 _aСальников _gВ А 856 4# _auchzapiski.lesgaft.spb.ru _u